Implementation of MLOps for security monitoring-related AI models in production environment
Salvato in:
| Autore principale: | |
|---|---|
| Altri autori: | |
| Natura: | Manoscritto Libro |
| Lingua: | slovacco inglese |
| Pubblicazione: |
2025
|
| Soggetti: | |
| Accesso online: | http://is.stuba.sk/zp/portal_zp.pl?podrobnosti=184120 |
| Tags: |
Nessun Tag, puoi essere il primo ad aggiungerne!!
|
MARC
| LEADER | 00000ntm a22000003a 4500 | ||
|---|---|---|---|
| 001 | stuzp105867 | ||
| 003 | SK-STU | ||
| 005 | 20250607211905.1 | ||
| 007 | ta | ||
| 008 | 150427s2015----xo-----f-mn---000-0-slo-d | ||
| 040 | |a STU |b slo | ||
| 041 | 0 | |a eng | |
| 100 | 1 | |a Sobolev, Dennis |u 070400 |4 aut |U FIIT Fakulta informatiky a informačných technológií |T FIIT Ústav počítačového inžinierstva a aplikovanej informatiky |X 79741 |U I400 |Y 672 |7 79741 | |
| 242 | 0 | 1 | |a Implementácia MLOps pre modely AI súvisiace s bezpečnostným monitorovaním v produkčnom prostredí |y slo |
| 245 | 1 | 0 | |a Implementation of MLOps for security monitoring-related AI models in production environment |
| 260 | |c 2025 | ||
| 650 | 4 | |a learning |2 eng | |
| 650 | 4 | |a automation |2 eng | |
| 650 | 4 | |a security |2 eng | |
| 650 | 4 | |a machine |2 eng | |
| 650 | 4 | |a intelligence |2 eng | |
| 650 | 4 | |a artificial |2 eng | |
| 650 | 4 | |a mlops |2 eng | |
| 650 | 4 | |a machine |2 slo | |
| 650 | 4 | |a artificial |2 slo | |
| 650 | 4 | |a intelligence |2 slo | |
| 650 | 4 | |a mlops |2 slo | |
| 650 | 4 | |a learning |2 slo | |
| 650 | 4 | |a automation |2 slo | |
| 650 | 4 | |a security |2 slo | |
| 700 | 1 | |a Ralbovský, Andrej |u 070400 |k Z9 |4 ths |U FIIT Fakulta informatiky a informačných technológií |T FIIT Ústav počítačového inžinierstva a aplikovanej informatiky |X 55756 |U I400 |Y 672 |7 A000055756 | |
| 856 | 4 | |u http://is.stuba.sk/zp/portal_zp.pl?podrobnosti=184120 | |